000 00530nam a22001817a 4500
999 _c526430
_d526430
003 NUST
020 _qPBK
038 _aFaiza
082 _a891.49101
_bAKH
100 _aJafri, Syed Akhtar
_916242
245 _aAdabi Lakiran /
_cSyed Akhtar Jafri
260 _aLahore :
_bPublishers Imporian,
_c1990.
300 _a512 p. ;
880 _6100-01\r
_aسید اختر جعفری
880 _6245-02\r
_aادبی لکیراں /
880 _6260-03\r
_aلاہور :
_bپبلیشرز ایمپوریم,
_c۱۹۹۰.
942 _2ddc
_cBK